[Event "EU-ch Blitz"]
[Site "Katowice"]
[Date "2022.12.16"]
[Round "21"]
[White "Ternault, Mathieu"]
[Black "Szpar, Milosz"]
[Result "0-1"]
[WhiteElo "2351"]
[BlackElo "2428"]
[PlyCount "90"]
[EventDate "2022.12.16"]
[EventType "swiss (blitz)"]
[EventRounds "22"]
[EventCountry "POL"]
[SourceTitle "CBM 211 Extra"]
[Source "ChessBase"]
[SourceDate "2023.01.31"]
[SourceVersion "1"]
[SourceVersionDate "2023.01.31"]
[SourceQuality "1"]

1. d4 Nf6 2. Nf3 e6 3. Bg5 c5 4. d5 Qb6 5. Bxf6 gxf6 6. e4 Qxb2 7. Nbd2 Bh6 8. Bd3 exd5 9. exd5 Bxd2+ 10. Nxd2 Qe5+ 11. Qe2 Kd8 12. 0-0 Qxe2 13. Bxe2 d6 14. Rfe1 Bf5 15. Nc4 Kd7 16. Ne3 Bg6 17. f4 Be4 18. Rad1 f5 19. g4 Na6 20. gxf5 Rhg8+ 21. Kf2 Nb4 22. a3 Nxc2 23. Nxc2 Bxc2 24. Bb5+ Kd8 25. Rg1 Ke7 26. Rde1+ Kf6 27. Rg3 Bxf5 28. Rge3 a6 29. Bf1 Rg4 30. Kf3 Rh4 31. Kg3 Rh6 32. Re7 Rg8+ 33. Kf2 Rxh2+ 34. Kf3 Rb2 35. Rc7 Rb3+ 36. Kf2 Rb2+ 37. Kf3 Bg4+ 38. Kg3 Be2+ 39. Kf2 Bc4+ 40. Be2 Re8 41. Kf3 Bxe2+ 42. Kg3 Rg8+ 43. Kf2 Bc4+ 44. Kf3 Bxd5+ 45. Ke3 Rg3# 0-1

[Event "Titled Tuesday intern op 09th Aug Early"]
[Site "Chess.com INT"]
[Date "2022.08.09"]
[Round "4"]
[White "Ternault, Mathieu"]
[Black "Matlakov, Maxim"]
[Result "0-1"]
[WhiteElo "2396"]
[BlackElo "2671"]
[PlyCount "108"]
[EventDate "2022.08.09"]
[EventType "swiss (blitz)"]
[EventRounds "11"]
[EventCountry "USA"]
[SourceTitle "EXT 2023"]
[Source "ChessBase"]
[SourceDate "2022.10.05"]
[SourceVersion "1"]
[SourceVersionDate "2022.10.05"]
[SourceQuality "1"]

1. e4 e5 2. Nc3 Nf6 3. f4 d5 4. fxe5 Nxe4 5. Qf3 Nxc3 6. dxc3 Be7 7. Bf4 Be6 8. 0-0-0 0-0 9. c4 c6 10. Ne2 Qa5 11. Nc3 dxc4 12. Qg3 Kh8 13. Bg5 Bxg5+ 14. Qxg5 b5 15. Kb1 Nd7 16. Ne4 b4 17. Rxd7 Bxd7 18. Bxc4 Be6 19. Bb3 h6 20. Qf4 Rae8 21. Nd6 Bxb3 22. axb3 Re7 23. Nc4 Qd5 24. Qg4 Rd8 25. Rf1 Qe6 26. Qf3 Rd5 27. g4 a5 28. h4 a4 29. bxa4 Rd4 30. b3 Rxg4 31. Nd6 Rxh4 32. Nf5 Rh2 33. Qg3 Qxe5 34. Qd3 Re8 35. Nd6 Rf8 36. Nxf7+ Rxf7 37. Rxf7 Rh1+ 38. Rf1 Rxf1+ 39. Qxf1 h5 40. Qf3 h4 41. Qf8+ Kh7 42. Qxb4 g5 43. Qb7+ Kg6 44. Qxc6+ Kf5 45. Qc8+ Kf4 46. Qh3 Qe1+ 47. Kb2 g4 48. Qd3 Qe5+ 49. c3 h3 50. Qd2+ Kf3 51. Qd3+ Qe3 52. Qd5+ Kg3 53. Qf7 Qf2+ 54. Ka3 Qxf7 0-1

[Event "Titled Tuesday intern op 09th Aug Early"]
[Site "Chess.com INT"]
[Date "2022.08.09"]
[Round "2"]
[White "Ternault, Mathieu"]
[Black "Petrova, Irina"]
[Result "1-0"]
[WhiteElo "2396"]
[BlackElo "2127"]
[PlyCount "83"]
[EventDate "2022.08.09"]
[EventType "swiss (blitz)"]
[EventRounds "11"]
[EventCountry "USA"]
[SourceTitle "EXT 2023"]
[Source "ChessBase"]
[SourceDate "2022.10.05"]
[SourceVersion "1"]
[SourceVersionDate "2022.10.05"]
[SourceQuality "1"]

1. e4 d6 2. Nc3 Nf6 3. Nf3 e5 4. Bc4 Be7 5. a3 0-0 6. d3 c6 7. Ba2 Nbd7 8. Rg1 d5 9. exd5 cxd5 10. Bxd5 Nxd5 11. Nxd5 Bc5 12. Be3 Re8 13. Qd2 b5 14. Ng5 Bb7 15. Nc3 b4 16. Nce4 Bxe3 17. Qxe3 bxa3 18. Rxa3 h6 19. Nxf7 Kxf7 20. Nd6+ Kg8 21. Nxb7 Qc7 22. Na5 Kh8 23. Nc4 Nc5 24. f3 Ne6 25. Kd1 Nd4 26. Re1 Rac8 27. Kc1 a5 28. Kb1 Rb8 29. Qd2 Qb7 30. Qxa5 Ra8 31. Qb6 Qd5 32. Rxa8 Rxa8 33. Rxe5 Qd7 34. b3 Nc6 35. Rc5 Nd4 36. Qd6 Qe8 37. Ne5 Nb5 38. Qc6 Na3+ 39. Kb2 Qf8 40. Ng6+ Kg8 41. Nxf8 Kxf8 42. Qxa8+ 1-0

[Event "Paris-ch IdF"]
[Site "Paris"]
[Date "2022.07.16"]
[Round "7"]
[White "Dhulipalla, Bala Chandra Prasad"]
[Black "Ternault, Mathieu"]
[Result "1-0"]
[WhiteElo "2423"]
[BlackElo "2400"]
[PlyCount "77"]
[EventDate "2022.07.12"]
[EventType "swiss"]
[EventRounds "9"]
[EventCountry "FRA"]
[SourceTitle "CBM 209 Extra"]
[Source "ChessBase"]
[SourceDate "2022.09.30"]
[SourceVersion "1"]
[SourceVersionDate "2022.09.30"]
[SourceQuality "1"]

1. d4 d5 2. c4 e6 3. Nf3 Nf6 4. g3 dxc4 5. Bg2 a6 6. 0-0 Nc6 7. Nbd2 b5 8. b3 c3 9. Nb1 c2 10. Qxc2 Nb4 11. Qb2 Bb7 12. Nbd2 c5 13. a3 Nc6 14. dxc5 Bxc5 15. b4 Bd6 16. Nb3 Ne7 17. Bg5 Ng6 18. Rad1 Qe7 19. Na5 Bd5 20. Rfe1 h6 21. e4 hxg5 22. exd5 e5 23. Nc6 Qc7 24. Nfxe5 Nxe5 25. f4 gxf4 26. gxf4 Qb6+ 27. Qd4 Bc7 28. fxe5 Nh5 29. d6 Bd8 30. Qc5 0-0 31. Ne7+ Kh7 32. Bxa8 Qb8 33. Qc2+ g6 34. Bf3 Qa7+ 35. Kh1 Nf4 36. Qe4 Nh3 37. Qh4+ Kg7 38. Qxh3 Rh8 39. Qg2 1-0

[Event "Paris-ch IdF"]
[Site "Paris"]
[Date "2022.07.16"]
[Round "8"]
[White "Ternault, Mathieu"]
[Black "Sidhant, Mohapatra"]
[Result "0-1"]
[WhiteElo "2400"]
[BlackElo "2315"]
[PlyCount "142"]
[EventDate "2022.07.12"]
[EventType "swiss"]
[EventRounds "9"]
[EventCountry "FRA"]
[SourceTitle "CBM 209 Extra"]
[Source "ChessBase"]
[SourceDate "2022.09.30"]
[SourceVersion "1"]
[SourceVersionDate "2022.09.30"]
[SourceQuality "1"]

1. d4 d5 2. Nf3 Nf6 3. Bf4 c5 4. e3 Nc6 5. Nbd2 Nh5 6. dxc5 Nxf4 7. exf4 g6 8. c3 Bg7 9. Nb3 0-0 10. Bb5 a6 11. Bxc6 bxc6 12. Nbd4 Qc7 13. Qd2 Bh6 14. Ne2 Bg4 15. Ne5 Bxe2 16. Qxe2 Bxf4 17. Nd3 Rfe8 18. h4 e5 19. h5 e4 20. Nxf4 Qxf4 21. Rh3 Rab8 22. Re3 Rb5 23. 0-0-0 Rxc5 24. hxg6 hxg6 25. Rd2 a5 26. f3 Kg7 27. Rd4 Qf6 28. Qd2 exf3 29. Rxe8 f2 30. Rf4 f1Q+ 31. Rxf1 Qxf1+ 32. Re1 Qf6 33. Rh1 Rc4 34. Qh6+ Kg8 35. Kb1 Rf4 36. Qh7+ Kf8 37. Qh6+ Ke7 38. Re1+ Re4 39. Rd1 Qf5 40. Ka1 Qf4 41. Qh1 Re2 42. a3 Qf2 43. Rb1 Qxg2 44. Qh4+ g5 45. Qa4 Qe4 46. Qxa5 Re1 47. Qc7+ Kf6 48. Qxc6+ Kg7 49. Rxe1 Qxe1+ 50. Ka2 g4 51. Qc5 Qe4 52. Qd6 Qg6 53. Qg3 Qe4 54. Ka1 Kg6 55. Qb8 Kg7 56. Qg3 f6 57. Qc7+ Kg6 58. Qb8 Kg5 59. Qc7 Qf4 60. Qd8 Qf1+ 61. Ka2 Qc4+ 62. Ka1 g3 63. Qg8+ Kf4 64. Qg6 f5 65. Qh6+ Kf3 66. Qh5+ Qg4 67. Qh1+ g2 68. Qg1 Qe4 69. Qd1+ Kg3 70. Qg1 f4 71. Qc1 Qe3 0-1

[Event "FRA-chT Top 16 GpB"]
[Site "Chartres"]
[Date "2022.06.12"]
[Round "4.4"]
[White "Ternault, Mathieu"]
[Black "Chabanon, Jean Luc"]
[Result "1/2-1/2"]
[WhiteElo "2367"]
[BlackElo "2429"]
[PlyCount "107"]
[EventDate "2022.06.09"]
[EventType "team-tourn"]
[EventRounds "7"]
[EventCountry "FRA"]
[SourceTitle "CBM 208 Extra"]
[Source "ChessBase"]
[SourceDate "2022.07.31"]
[SourceVersion "1"]
[SourceVersionDate "2022.07.31"]
[SourceQuality "1"]
[WhiteTeam "Agen"]
[BlackTeam "St Quentin"]
[WhiteTeamCountry "FRA"]
[BlackTeamCountry "FRA"]

1. Nf3 Nf6 2. c4 g6 3. g3 Bg7 4. Bg2 0-0 5. d4 d6 6. Nc3 Nc6 7. 0-0 e5 8. d5 Ne7 9. e4 Nd7 10. Kh1 a5 11. Be3 h6 12. Nh4 Nc5 13. Qc2 f5 14. exf5 g5 15. Ng6 Bxf5 16. Nxe7+ Qxe7 17. Ne4 Nxe4 18. Bxe4 Qd7 19. f3 b6 20. a4 Bxe4 21. Qxe4 Qf5 22. g4 Qxe4 23. fxe4 Rxf1+ 24. Rxf1 Rf8 25. Re1 Bf6 26. Kg2 Be7 27. Bd2 Kf7 28. Rf1+ Ke8 29. Ra1 Kd7 30. Ra3 Rf6 31. Rh3 Bf8 32. Rh5 Rg6 33. Rh3 Rf6 34. Rb3 Be7 35. Rb5 Rf8 36. Be3 Rh8 37. Bf2 Rf8 38. Bg3 Re8 39. Rb3 Rf8 40. h3 Bd8 41. Bh2 Be7 42. Rb5 Bd8 43. Rb3 Be7 44. Rf3 Rxf3 45. Kxf3 Kc8 46. Bg3 Kb7 47. Ke2 Ka6 48. Kd3 Bd8 49. Be1 Kb7 50. Bd2 c5 51. dxc6+ Kxc6 52. Be3 Bf6 53. Kc3 Be7 54. b3 1/2-1/2

[Event "Paris-ch Rapid"]
[Site "Paris"]
[Date "2022.02.28"]
[Round "6.4"]
[White "Ternault, Mathieu"]
[Black "Chabanon, Jean Luc"]
[Result "1/2-1/2"]
[WhiteElo "2375"]
[BlackElo "2446"]
[PlyCount "76"]
[EventDate "2022.03.06"]
[EventType "swiss (rapid)"]
[EventRounds "9"]
[EventCountry "FRA"]
[SourceTitle "EXT 2023"]
[Source "ChessBase"]
[SourceDate "2022.10.05"]
[SourceVersion "1"]
[SourceVersionDate "2022.10.05"]
[SourceQuality "1"]

1. d4 Nf6 2. Nf3 e6 3. Bf4 b6 4. e3 Bb7 5. Nbd2 g6 6. Be2 Bg7 7. c4 0-0 8. Rc1 d6 9. h3 Nbd7 10. 0-0 Qe7 11. Bh2 e5 12. dxe5 dxe5 13. c5 Nxc5 14. Bxe5 Rfd8 15. Qc2 a5 16. Rfd1 Nfe4 17. Bxg7 Kxg7 18. Nxe4 Bxe4 19. Qc3+ Qf6 20. Rd4 Rab8 21. Ng5 Qxg5 22. Rxe4+ Kg8 23. Re5 Qh4 24. Bg4 Nd3 25. g3 Qh6 26. Re7 Nxc1 27. Qxc1 Qg5 28. Qxc7 Rf8 29. Rxf7 Rxf7 30. Qxb8+ Kg7 31. Qxb6 Qe5 32. Qb3 h5 33. Be2 Rc7 34. Kg2 Qe4+ 35. Bf3 Qf5 36. Qb6 Rf7 37. Qd4+ Kh7 38. Qd1 Qf6 1/2-1/2

[Event "Paris-ch Rapid"]
[Site "Paris"]
[Date "2022.02.28"]
[Round "9.5"]
[White "Ternault, Mathieu"]
[Black "Moussard, Jules"]
[Result "0-1"]
[WhiteElo "2375"]
[BlackElo "2632"]
[PlyCount "46"]
[EventDate "2022.03.06"]
[EventType "swiss (rapid)"]
[EventRounds "9"]
[EventCountry "FRA"]
[SourceTitle "EXT 2023"]
[Source "ChessBase"]
[SourceDate "2022.10.05"]
[SourceVersion "1"]
[SourceVersionDate "2022.10.05"]
[SourceQuality "1"]

1. d4 f5 2. h3 c5 3. d5 d6 4. c4 Nf6 5. Nc3 e5 6. dxe6 Bxe6 7. g4 Nc6 8. Nf3 fxg4 9. hxg4 Bxg4 10. Ng5 Qe7 11. Bh3 Bxh3 12. Rxh3 0-0-0 13. Qa4 Re8 14. Bf4 h6 15. Bh2 Qd7 16. 0-0-0 Be7 17. Rhd3 hxg5 18. Bxd6 Nd4 19. Nb5 Bxd6 20. Rxd4 cxd4 21. Rxd4 Rxe2 22. Nxd6+ Kb8 23. Qd1 Qe6 0-1